[Event "Mechanics' Fall TNM; 30/90, SD/30"]
[Site "San Francisco"]
[Date "2013.11.19"]
[Round "5.7"]
[White "Uzzaman, Ashik"]
[Black "Gray, William"]
[Result "0-1"]
[WhiteElo "1923"]
[BlackElo "2008"]
[PlyCount "78"]
[EventDate "2013.??.??"]

1. e4 c5 2. Nc3 Nc6 3. f4 g6 4. Nf3 Bg7 5. Bb5 Nd4 6. O-O a6 7. Bc4 b5 8. Bd5
Rb8 9. d3 e6 10. Bb3 a5 11. a3 Nxb3 12. cxb3 Ne7 13. Be3 c4 14. b4 O-O 15. dxc4
bxc4 16. Ba7 axb4 17. Bxb8 Qb6+ 18. Rf2 Qxb8 19. axb4 Qxb4 20. Ra4 Qc5 21. e5
Bb7 22. Nd2 d5 23. exd6 Nf5 24. Rxc4 Qxd6 25. Qb3 Ba6 26. Ra4 Bd4 27. Nde4
Bxf2+ 28. Nxf2 Rb8 29. Qd1 Qb6 30. b4 Rd8 31. Qa1 Bb7 32. Qe1 Ne3 33. g3 Ng4
34. b5 Rd3 35. Nce4 Re3 36. Qa5 Bxe4 37. Nxe4 Rxg3+ 38. Kf1 Rg1+ 39. Ke2 Qe3#
0-1

[Event "Mechanics' Neil Falconer TNM; 30/90, SD"]
[Site "San Francisco"]
[Date "2013.09.03"]
[Round "5.9"]
[White "Uzzaman, Ashik"]
[Black "Hakobyan, Sos"]
[Result "0-1"]
[WhiteElo "1908"]
[BlackElo "1844"]
[PlyCount "64"]
[EventDate "2013.??.??"]

1. e4 e6 2. d4 d5 3. Nc3 Bb4 4. e5 c5 5. Bd2 Nc6 6. Nb5 Bxd2+ 7. Qxd2 Nxd4 8.
Nd6+ Kf8 9. O-O-O Nc6 10. f4 Qa5 11. c3 Qxa2 12. Nf3 Na5 13. Qf2 Bd7 14. Bd3
Qa1+ 15. Bb1 Ba4 16. Rdf1 b6 17. f5 Nb3+ 18. Kc2 Nd4+ 19. Kd3 Nxf5 20. Nxf5
Bb5+ 21. Kc2 exf5 22. Rd1 Ne7 23. Nh4 g6 24. b3 d4 25. Kc1 Qxc3+ 26. Bc2 d3 27.
Rd2 dxc2 28. Re1 Qxb3 29. Rxc2 Qa3+ 30. Rb2 Rd8 31. Re3 Qa1+ 32. Rb1 Rd1+ 0-1

[Event "Mechanics' Winter TNM; 30/90, SD/30"]
[Site "San Francisco"]
[Date "2013.02.19"]
[Round "7.15"]
[White "Uzzaman, Ashik"]
[Black "Matchen, George"]
[Result "1-0"]
[WhiteElo "1972"]
[BlackElo "1668"]
[PlyCount "63"]
[EventDate "2013.??.??"]

1. e4 e5 2. Nf3 Nf6 3. Nxe5 d6 4. Nf3 Nxe4 5. Nc3 Nxc3 6. dxc3 Bg4 7. h3 Bh5 8.
Qd5 Qe7+ 9. Be3 Bxf3 10. Qxf3 c6 11. O-O-O Nd7 12. Qg3 Qe6 13. Kb1 Nf6 14. Bd3
Be7 15. Rhe1 Qd7 16. Qxg7 Rg8 17. Qh6 O-O-O 18. g4 Kb8 19. Bf5 Qc7 20. Bg5 Nd5
21. Bxe7 Nxe7 22. Qxh7 Nd5 23. Qh4 Qa5 24. Qg3 Qc5 25. Qf3 Rge8 26. h4 a5 27.
h5 a4 28. a3 Nb6 29. Bd3 Nd5 30. Bf1 Qb6 31. Rxe8 Rxe8 32. c4 1-0

[Event "Mechanics' Fall TNM; 30/90, SD/30"]
[Site "San Francisco"]
[Date "2013.11.05"]
[Round "3.14"]
[White "Uzzaman, Ashik"]
[Black "Morgan, Jerry"]
[Result "1-0"]
[WhiteElo "1923"]
[BlackElo "1625"]
[PlyCount "91"]
[EventDate "2013.??.??"]

1. e4 c6 2. d4 d5 3. Nc3 dxe4 4. Nxe4 Bf5 5. Ng3 Bg6 6. h4 h6 7. Nf3 Nd7 8. h5
Bh7 9. Bd3 Bxd3 10. Qxd3 e6 11. Bf4 Qa5+ 12. c3 Ngf6 13. b4 Qb6 14. O-O Be7 15.
Rfe1 O-O 16. Ne5 Nxe5 17. Bxe5 Ng4 18. Bf4 Rad8 19. Nf5 Rd7 20. Nxe7+ Rxe7 21.
Bd6 Qd8 22. Bxe7 Qxe7 23. Qf3 Qh4 24. Rad1 Qh2+ 25. Kf1 Nf6 26. Re5 Rd8 27. Ke2
Rd5 28. g3 Qh3 29. Rh1 Qg4 30. Rh4 Qxf3+ 31. Kxf3 Kf8 32. c4 Rd6 33. Ke3 Nd7
34. Ra5 a6 35. a4 Nf6 36. b5 axb5 37. axb5 cxb5 38. Rxb5 b6 39. f3 Ke7 40. Rh1
Nd7 41. Ra1 f5 42. Ra7 Kf6 43. f4 g6 44. hxg6 Kxg6 45. Rxd7 Rxd7 46. Rxb6 1-0

[Event "Mechanics' Neil Falconer TNM; 30/90, SD"]
[Site "San Francisco"]
[Date "2013.09.17"]
[Round "7.9"]
[White "Uzzaman, Ashik"]
[Black "Newey, Richard"]
[Result "1-0"]
[WhiteElo "1908"]
[BlackElo "1842"]
[PlyCount "75"]
[EventDate "2013.??.??"]

1. e4 c5 2. Nc3 Nc6 3. f4 e6 4. Bb5 a6 5. Bxc6 bxc6 6. e5 d5 7. Nf3 a5 8. O-O
Ba6 9. d3 Ne7 10. Ng5 h6 11. Qh5 g6 12. Qh3 Nf5 13. Bd2 c4 14. Kh1 Bg7 15. Nf3
cxd3 16. cxd3 Bxd3 17. Rfd1 d4 18. Ne1 Bc4 19. Na4 Bb5 20. Qa3 Bf8 21. Nc5 Qb6
22. Rac1 Bxc5 23. Rxc5 O-O 24. Nf3 Rfd8 25. Rdc1 Qa6 26. g4 Ne7 27. Rxb5 Qxb5
28. Qxe7 Qxb2 29. f5 Re8 30. Qf6 Kh7 31. Qxf7+ Kh8 32. Qf6+ Kg8 33. Qxg6+ Kh8
34. Qxh6+ Kg8 35. Qg6+ Kh8 36. f6 Qb7 37. f7 Re7 38. Qh6# 1-0

[Event "Mechanics' Summer TNM; 30/90, SD/30"]
[Site "San Francisco"]
[Date "2013.05.28"]
[Round "1.22"]
[White "Uzzaman, Ashik"]
[Black "Olson, David"]
[Result "1/2-1/2"]
[WhiteElo "1926"]
[BlackElo "1519"]
[Annotator "Donaldson"]
[PlyCount "61"]
[EventDate "2013.??.??"]

1. e4 e5 2. Nf3 d6 3. d4 exd4 4. Nxd4 Nf6 5. Nc3 Nc6 6. Bb5 Bd7 7. O-O Be7 8.
Bxc6 bxc6 9. f4 O-O 10. Kh1 Bg4 11. Qe1 Bc8 $2 12. Nxc6 Qe8 13. Nd5 Nxd5 14.
exd5 Bf6 15. Qb4 Bf5 16. Re1 Qd7 17. c4 h5 18. Bd2 h4 19. Bc3 a5 20. Qa3 Bd8
21. Re3 h3 22. Rae1 hxg2+ 23. Kg1 Bh4 24. Ne7+ Kh7 25. Nxf5 Qxf5 26. R1e2 Qxf4
27. Kxg2 Qxc4 28. Be1 Qxd5+ 29. Kg1 Bxe1 30. Rxe1 Qd4 31. Kg2 {
Black is winning.} 1/2-1/2

[Event "Mechanics' Neil Falconer TNM; 30/90, SD"]
[Site "San Francisco"]
[Date "2013.08.06"]
[Round "1.17"]
[White "Uzzaman, Ashik"]
[Black "Rakonitz, David"]
[Result "1-0"]
[WhiteElo "1908"]
[BlackElo "1527"]
[PlyCount "91"]
[EventDate "2013.??.??"]

1. e4 e6 2. d4 d5 3. Nc3 dxe4 4. Nxe4 Nd7 5. Nf3 Ngf6 6. Bd3 Nxe4 7. Bxe4 Nf6
8. Bd3 c5 9. O-O cxd4 10. Nxd4 Bc5 11. Nb3 Bd6 12. h3 Qc7 13. Re1 Bd7 14. Bg5
O-O-O 15. a4 h6 16. Be3 Kb8 17. Nd4 a6 18. Qf3 Bc5 19. c3 e5 20. Nf5 Bc6 21.
Qe2 Bxe3 22. Qxe3 e4 23. Bc2 Nd5 24. Qg3 g6 25. Qxc7+ Kxc7 26. Nd4 Nf6 27. Nxc6
bxc6 28. Bxe4 Rhe8 29. Bf3 Rxe1+ 30. Rxe1 Re8 31. Kf1 Rxe1+ 32. Kxe1 a5 33. Kd2
Kd6 34. Kd3 Kc5 35. b3 Nd7 36. Ke4 f5+ 37. Kf4 Kd6 38. b4 axb4 39. cxb4 Nb6 40.
a5 Na8 41. b5 cxb5 42. Bxa8 b4 43. Ke3 Kc5 44. a6 b3 45. Kd2 Kb4 46. Kc1 1-0

[Event "Mechanics' Winter TNM; 30/90, SD/30"]
[Site "San Francisco"]
[Date "2013.02.05"]
[Round "5.31"]
[White "Uzzaman, Ashik"]
[Black "Ryaboy, Michael"]
[Result "1-0"]
[WhiteElo "1972"]
[BlackElo "1188"]
[Annotator "Donaldson"]
[PlyCount "69"]
[EventDate "2013.??.??"]

1. e4 e5 2. Nf3 Nc6 3. d4 exd4 4. Bc4 Bc5 5. c3 d3 6. Qxd3 d6 7. b4 Bb6 8. O-O
Nf6 9. Bg5 h6 10. Bh4 Be6 11. Nbd2 Qe7 12. a4 a5 13. Bb5 O-O 14. Bxc6 bxc6 15.
Nd4 Bd7 16. Rfe1 c5 17. Nf5 Qe6 18. b5 d5 19. Qg3 Ne8 20. Ne7+ $18 Kh7 21. exd5
Qg4 22. c4 Qd4 23. Rad1 g5 24. Bxg5 $1 hxg5 25. Qxg5 (25. Ne4 $1) 25... Qg7 26.
Qf4 Nd6 27. Nf3 Qg4 28. Qf6 Rg8 29. Nxg8 Rxg8 30. g3 Nxc4 31. h4 Nd6 32. Ng5+
Rxg5 33. hxg5 Qxa4 34. Kg2 c4 35. Rh1+ 1-0

[Event "Mechanics' Fall TNM; 30/90, SD/30"]
[Site "San Francisco"]
[Date "2013.12.17"]
[Round "9.1"]
[White "Uzzaman, Ashik"]
[Black "Shakhnazarov, Oleg"]
[Result "1-0"]
[WhiteElo "1923"]
[BlackElo "2187"]
[PlyCount "115"]
[EventDate "2013.??.??"]

1. e4 e6 2. d4 Be7 3. c4 d6 4. Nc3 a6 5. Nf3 g5 6. h3 h6 7. Be2 Nd7 8. O-O h5
9. Nh2 g4 10. hxg4 hxg4 11. Nxg4 Ngf6 12. Be3 Nxg4 13. Bxg4 Nf6 14. Be2 c6 15.
e5 Nd7 16. f4 b5 17. Bf3 d5 18. cxd5 exd5 19. f5 Bg5 20. Qd2 Bxe3+ 21. Qxe3 Qh4
22. e6 Nb6 23. exf7+ Kxf7 24. Qe5 Bd7 25. Rad1 Rae8 26. Qc7 Qh1+ 27. Kf2 Qh6
28. g3 Qh2+ 29. Bg2 Qh6 30. Rfe1 Rxe1 31. Rxe1 Qd2+ 32. Ne2 Re8 33. Qxb6 Qe3+
34. Kf1 Bxf5 35. Qc7+ Kg8 36. Qf4 Qd3 37. Qf3 Re3 38. Qf2 Bg4 39. b4 Re7 40.
Kg1 Rxe2 41. Rxe2 Qxe2 42. Qxe2 Bxe2 43. Kf2 Bg4 44. Ke3 Kf7 45. Kf4 Bd7 46.
Ke5 Ke7 47. Bf3 Be6 48. g4 Bf7 49. g5 Bg6 50. Bg4 Be8 51. Bc8 Kd8 52. Bxa6 Kc7
53. Kf6 c5 54. bxc5 b4 55. g6 Bxg6 56. Kxg6 Kb8 57. Kf6 Ka7 58. Bd3 1-0

[Event "Mechanics' Spring TNM; 30/90, SD/30"]
[Site "San Francisco"]
[Date "2013.04.16"]
[Round "5.16"]
[White "Uzzaman, Ashik"]
[Black "Shi, Jaysen"]
[Result "1-0"]
[WhiteElo "1987"]
[BlackElo "1736"]
[PlyCount "57"]
[EventDate "2013.??.??"]

1. e4 e6 2. d4 d5 3. Nc3 Bb4 4. e5 c5 5. Bd2 cxd4 6. Nb5 Bc5 7. b4 a6 8. bxc5
axb5 9. Bxb5+ Bd7 10. Bd3 Qc7 11. f4 Qxc5 12. Qg4 Qf8 13. Nf3 Nh6 14. Qg5 Nc6
15. O-O Nf5 16. Bxf5 exf5 17. Rfb1 Ra7 18. Rb5 Nxe5 19. Nxe5 Bxb5 20. Re1 f6
21. Qxf5 fxe5 22. Qxe5+ Kd7 23. Qxd5+ Kc7 24. Qxb5 Ra6 25. Bb4 Qc8 26. Qe5+ Kb6
27. Qxd4+ Kb5 28. Re5+ Ka4 29. Bd6+ 1-0

[Event "Mechanics' Summer TNM; 30/90, SD/30"]
[Site "San Francisco"]
[Date "2013.07.09"]
[Round "7.15"]
[White "Uzzaman, Ashik"]
[Black "Simpkins, Jerry"]
[Result "1-0"]
[WhiteElo "1926"]
[BlackElo "1441"]
[PlyCount "121"]
[EventDate "2013.??.??"]

1. e4 e5 2. Nf3 d5 3. Nxe5 dxe4 4. Bc4 Qg5 5. Nxf7 Qxg2 6. Qh5 Qxh1+ 7. Ke2
Qf3+ 8. Qxf3 exf3+ 9. Kxf3 Nc6 10. d3 Nf6 11. Nxh8 Nd4+ 12. Kg2 Nxc2 13. Bf7+
Ke7 14. b3 Nxa1 15. Ba3+ Kd7 16. Bxf8 b6 17. Bxg7 Bb7+ 18. Kf1 Ke7 19. Na3 Rxh8
20. Bxh8 Kxf7 21. Ke2 b5 22. Kd2 a6 23. Kc1 Ng4 24. Bxa1 Nxf2 25. Kd2 Ke6 26.
Nc2 Ng4 27. h3 Nf2 28. Nd4+ Kd5 29. h4 Ng4 30. Nf5 Ke6 31. Ng3 Bf3 32. Ne4 Kf5
33. Ng5 Nh2 34. Nxh7 Bh5 35. Ng5 Nf3+ 36. Nxf3 Bxf3 37. Kc3 Bd5 38. Kd4 c6 39.
Kc5 a5 40. a4 Bxb3 41. axb5 cxb5 42. Kxb5 Bc2 43. Kc4 a4 44. Kc3 Bb3 45. Kd2
Kg6 46. Ke3 Kh5 47. Bf6 Kg6 48. Be7 Kf7 49. Bb4 Kg6 50. Kd2 Kh5 51. Be7 a3 52.
Kc3 a2 53. Kb2 Bd5 54. Bf6 Kg6 55. Be5 Kh5 56. Bg3 Kg4 57. Be1 Kf3 58. h5 Ke2
59. d4 Kxe1 60. h6 Be4 61. d5 1-0

[Event "Mechanics' Spring TNM; 30/90, SD/30"]
[Site "San Francisco"]
[Date "2013.04.02"]
[Round "3.15"]
[White "Uzzaman, Ashik"]
[Black "Standen, Julian"]
[Result "0-1"]
[WhiteElo "1987"]
[BlackElo "1723"]
[PlyCount "72"]
[EventDate "2013.??.??"]

1. e4 c6 2. d4 d5 3. exd5 cxd5 4. Bd3 Nc6 5. c3 Nf6 6. Ne2 a6 7. O-O Bg4 8. f3
Bh5 9. Bf4 e6 10. Re1 Bd6 11. Nd2 O-O 12. Nf1 Qc7 13. Qd2 Rad8 14. Bg5 Be7 15.
Nf4 Bg6 16. Nxg6 hxg6 17. Re2 Rfe8 18. Rae1 Nh5 19. Bxe7 Rxe7 20. g3 e5 21. Qg5
Rde8 22. Kg2 Nf6 23. dxe5 Nxe5 24. Bb1 Nc4 25. Ne3 Qb6 26. Kf2 Nxe3 27. Rxe3
Rxe3 28. Rxe3 Qxb2+ 29. Kf1 Qxb1+ 30. Kg2 Qxa2+ 31. Kh3 Rxe3 32. Qxe3 Qc4 33.
Qe5 b5 34. Qb8+ Kh7 35. Qb7 Qxc3 36. Qxf7 Qxf3 0-1

[Event "Mechanics' Fall TNM; 30/90, SD/30"]
[Site "San Francisco"]
[Date "2013.12.03"]
[Round "7.5"]
[White "Uzzaman, Ashik"]
[Black "Steger, Alexander"]
[Result "1-0"]
[WhiteElo "1923"]
[BlackElo "2041"]
[PlyCount "37"]
[EventDate "2013.??.??"]

1. e4 e5 2. Nf3 Nc6 3. d4 exd4 4. Bc4 Bc5 5. c3 Nf6 6. O-O Nxe4 7. cxd4 d5 8.
dxc5 dxc4 9. Qe2 Qd3 10. Re1 f5 11. Nc3 O-O 12. Nxe4 fxe4 13. Qxe4 Bf5 14. Qh4
Rae8 15. Bf4 Qd5 16. Rxe8 Rxe8 17. Qh5 Re7 18. Nh4 Bb1 19. Qxd5+ 1-0

[Event "Mechanics' Winter TNM; 30/90, SD/30"]
[Site "San Francisco"]
[Date "2013.01.08"]
[Round "1.2"]
[White "Vadim, Ryaboy"]
[Black "Lee, Andy"]
[Result "0-1"]
[WhiteElo "1782"]
[BlackElo "2294"]
[Annotator "Donaldson"]
[PlyCount "58"]
[EventDate "2013.??.??"]

1. e4 e6 2. d4 d5 3. Nc3 Bb4 4. e5 c5 5. a3 Bxc3+ 6. bxc3 Ne7 7. Qg4 Qc7 8.
Qxg7 Rg8 9. Qxh7 cxd4 10. Ne2 Nbc6 11. f4 Bd7 12. Qd3 dxc3 13. Nxc3 a6 14. Ne2
Nf5 15. c3 Na5 16. a4 Nb3 17. Ra3 Nc5 18. Qh3 Qb6 19. g4 $2 Qb1 $1 20. c4 Nd4
21. Nxd4 Qxc1+ 22. Kf2 Qxf4+ 23. Nf3 Ne4+ 24. Ke2 Qc1 25. Rd3 dxc4 26. Rxd7
Kxd7 27. Qh7 Qc2+ 28. Ke3 Qc3+ 29. Kf4 Qc1+ 0-1

[Event "Mechanics' Neil Falconer TNM; 30/90, SD"]
[Site "San Francisco"]
[Date "2013.10.01"]
[Round "9.10"]
[White "Veksler, Aleksander"]
[Black "Grey, Peter"]
[Result "1/2-1/2"]
[WhiteElo "1875"]
[BlackElo "2000"]
[PlyCount "98"]
[EventDate "2013.??.??"]

1. e4 c5 2. Nf3 e6 3. d4 cxd4 4. Nxd4 Nf6 5. Bd3 Nc6 6. Nxc6 dxc6 7. Bg5 Qa5+
8. Qd2 Bb4 9. c3 Be7 10. b4 Qc7 11. O-O h6 12. Be3 e5 13. f3 Be6 14. Qf2 b6 15.
a4 O-O 16. a5 c5 17. bxc5 Bxc5 18. Bxc5 Qxc5 19. Qxc5 bxc5 20. c4 Rab8 21. Rd1
Rb4 22. Na3 a6 23. Nc2 Rb7 24. Ne3 Rfb8 25. Nd5 Nd7 26. Bf1 Kf8 27. Nc3 Ke8 28.
Rd6 Ra8 29. Rdd1 Rd8 30. Rab1 Rdb8 31. Rxb7 Rxb7 32. Rd6 Ra7 33. Rc6 Kd8 34.
Na4 Nb8 35. Rxc5 Rc7 36. Rxc7 Kxc7 37. Nc5 Bc8 38. Kf2 Nc6 39. Nb3 Be6 40. Ke3
f6 41. g3 Nb4 42. f4 Bd7 43. Nc5 Kd6 44. Nxd7 Kxd7 45. Kd2 Nc6 46. c5 Nxa5 47.
Ke3 Kc6 48. Bxa6 Kxc5 49. fxe5 fxe5 1/2-1/2

[Event "Mechanics' Neil Falconer TNM; 30/90, SD"]
[Site "San Francisco"]
[Date "2013.09.24"]
[Round "8.8"]
[White "Veksler, Aleksander"]
[Black "Steger, Alex"]
[Result "0-1"]
[WhiteElo "1875"]
[BlackElo "1990"]
[Annotator "Donaldson"]
[PlyCount "26"]
[EventDate "2013.??.??"]

1. e4 e5 2. Nf3 Nc6 3. Bb5 a6 4. Ba4 Nf6 5. d3 b5 6. Bb3 Bc5 7. Bg5 h6 8. Bh4
d6 9. Nc3 Be6 10. Nd5 g5 11. Nxg5 $1 Nxd5 {Diagram #} 12. Nxe6 $2 (12. Bxd5
Bxd5 13. Nf3 $14) 12... Qxh4 13. Bxd5 (13. Nxc5 Nde7 14. Qf3 Qf4 $17) 13...
Qxf2# 0-1

[Event "Mechanics' Fall TNM; 30/90, SD/30"]
[Site "San Francisco"]
[Date "2013.10.22"]
[Round "1.20"]
[White "Veksler, Alexander"]
[Black "Schlosberg, Max"]
[Result "1-0"]
[WhiteElo "1874"]
[BlackElo "1287"]
[PlyCount "91"]
[EventDate "2013.??.??"]

1. e4 e5 2. Nf3 Nc6 3. Bb5 a6 4. Ba4 Nf6 5. d3 Bc5 6. O-O b5 7. Bb3 O-O 8. c3
Bb6 9. Bg5 h6 10. Bh4 d6 11. Na3 Be6 12. Nc2 Na5 13. Ne3 Re8 14. Bxe6 fxe6 15.
Ng4 Rf8 16. Bxf6 gxf6 17. Nxh6+ Kg7 18. Ng4 Nc6 19. d4 exd4 20. cxd4 Ne7 21.
Qc1 Rh8 22. e5 f5 23. Nf6 Ng8 24. Qg5+ Kf7 25. Nh4 Ne7 26. Nh5 Rg8 27. Qf6+ Ke8
28. Qxe6 Bxd4 29. Nf6+ Kf8 30. Nxg8 Nxg8 31. Qxf5+ Ke7 32. Ng6+ Ke8 33. exd6
Qxd6 34. Qe4+ Kf7 35. Qxa8 Qxg6 36. Qd5+ Qe6 37. Qxd4 Nf6 38. Rfe1 Qc6 39. Rac1
Qb7 40. Qc5 Ne8 41. Re7+ Kf6 42. Qe5+ Kg6 43. Rxe8 c6 44. Qe6+ Kg5 45. Rc5+ Kf4
46. Qe4# 1-0

[Event "Mechanics' Fall TNM; 30/90, SD/30"]
[Site "San Francisco"]
[Date "2013.12.03"]
[Round "7.10"]
[White "Veksler, Alexander"]
[Black "Traub, Igor"]
[Result "0-1"]
[WhiteElo "1874"]
[BlackElo "2125"]
[PlyCount "46"]
[EventDate "2013.??.??"]

1. e4 d5 2. exd5 Nf6 3. d4 Nxd5 4. g3 g6 5. Bg2 Bg7 6. Nc3 Nxc3 7. bxc3 c5 8.
Rb1 cxd4 9. Bxb7 Bxb7 10. Rxb7 Qa5 11. Nf3 Qxc3+ 12. Kf1 Nc6 13. Kg2 O-O 14.
Bb2 Qc4 15. Ba3 Rfe8 16. Re1 e5 17. Ng5 Qa6 18. Rb3 Na5 19. Rf3 f5 20. Qb1 Rab8
21. Bb4 h6 22. Ra3 hxg5 23. Rxa5 Qb7+ 0-1

[Event "Mechanics' Fall TNM; 30/90, SD/30"]
[Site "San Francisco"]
[Date "2013.10.22"]
[Round "1.21"]
[White "Vichik, Adam"]
[Black "Abraham, Renjish"]
[Result "0-1"]
[WhiteElo "1262"]
[BlackElo "1862"]
[PlyCount "52"]
[EventDate "2013.??.??"]

1. e4 c5 2. Nf3 d6 3. d4 cxd4 4. Nxd4 Nf6 5. Nc3 a6 6. Bc4 e6 7. O-O Nc6 8. Be3
Be7 9. Re1 O-O 10. Qe2 Qc7 11. Rad1 b5 12. Bd3 Bb7 13. Nxc6 Qxc6 14. f3 Rfe8
15. Qf2 Rac8 16. Bb6 Nd7 17. Ba5 d5 18. Kh1 b4 19. exd5 exd5 20. Ne2 Bc5 21.
Qh4 g6 22. Nd4 Qa4 23. Bc7 Rxe1+ 24. Rxe1 Bxd4 25. Bd8 Bg7 26. Re7 Rxd8 0-1

[Event "Mechanics' Neil Falconer TNM; 30/90, SD"]
[Site "San Francisco"]
[Date "2013.09.17"]
[Round "7.20"]
[White "Vichik, Adam"]
[Black "Allen, Tom"]
[Result "1-0"]
[WhiteElo "1262"]
[BlackElo "1574"]
[PlyCount "83"]
[EventDate "2013.??.??"]

1. e4 e5 2. Nf3 Nc6 3. Bc4 Nf6 4. Ng5 d5 5. exd5 Na5 6. Bb5+ c6 7. dxc6 bxc6 8.
Be2 h6 9. Nf3 e4 10. Ne5 Qc7 11. d4 exd3 12. Nxd3 Bd6 13. h3 O-O 14. Be3 Rd8
15. Nd2 c5 16. c4 Bb7 17. Bf3 Bxf3 18. Qxf3 Rab8 19. Rb1 Nd7 20. O-O Nc6 21. b3
Nde5 22. Nxe5 Nxe5 23. Qh5 Nd3 24. Ne4 Re8 25. Nxd6 Qxd6 26. Rfd1 Re5 27. Qf3
Qg6 28. Bf4 Nxf4 29. Qxf4 Rbe8 30. Rd7 Re1+ 31. Rxe1 Rxe1+ 32. Kh2 a6 33. Qb8+
Kh7 34. Rd8 Qf6 35. Rh8+ Kg6 36. Qg3+ Qg5 37. Qd6+ (37. Qxg5+ Kxg5 (37... hxg5
38. Rc8 Re5 39. Kg3) 38. Rc8 Re5 39. Kg3 Kf5 40. Kf3) 37... Re6 38. Qd3+ Kf6
39. Qd8+ Kg6 40. Qxg5+ Kxg5 41. Rc8 Kf6 42. Rxc5 1-0

[Event "Mechanics' Fall TNM; 30/90, SD/30"]
[Site "San Francisco"]
[Date "2013.12.10"]
[Round "8.16"]
[White "Vichik, Adam"]
[Black "Alzhin, Leonid"]
[Result "1/2-1/2"]
[WhiteElo "1262"]
[BlackElo "1808"]
[PlyCount "91"]
[EventDate "2013.??.??"]

1. e4 c5 2. Nf3 Nc6 3. d4 cxd4 4. Nxd4 e6 5. Be3 Nf6 6. f3 Qb6 7. Na3 a6 8. Nc4
Qc7 9. a4 Be7 10. Be2 d5 11. exd5 exd5 12. Nxc6 bxc6 13. Nb6 Rb8 14. a5 O-O 15.
O-O Bd6 16. g3 Bh3 17. Rf2 Rfe8 18. Qd2 Bc8 19. f4 Ne4 20. Qd3 Nxf2 21. Bxf2
Bb7 22. Bg4 Re7 23. c3 Rbe8 24. Rc1 Qd8 25. b4 Bc7 26. Bc5 Bxb6 27. axb6 Re1+
28. Rxe1 Rxe1+ 29. Kf2 Re8 30. Bf5 g6 31. Bg4 f5 32. Bxf5 gxf5 33. Qxf5 Bc8 34.
Qh5 Qd7 35. Bd4 Qe6 36. Be5 Qf7 37. Qg5+ Qg6 38. Qh4 Qf5 39. Kg1 Qf7 40. Qg5+
Qg6 41. Qh4 Bg4 42. b7 Qb1+ 43. Kf2 Qc2+ 44. Kf1 Qd1+ 45. Kf2 Qe2+ 46. Kg1
1/2-1/2

[Event "Mechanics' Fall TNM; 30/90, SD/30"]
[Site "San Francisco"]
[Date "2013.11.05"]
[Round "3.28"]
[White "Vichik, Adam"]
[Black "Bayaraa, Chinguun"]
[Result "1/2-1/2"]
[WhiteElo "1262"]
[BlackElo "1625"]
[PlyCount "65"]
[EventDate "2013.??.??"]

1. e4 c5 2. Nf3 d6 3. d4 cxd4 4. Nxd4 Nf6 5. Nc3 a6 6. Be3 e5 7. Nb3 Be7 8. Bc4
Nc6 9. O-O O-O 10. a4 Nb4 11. Nd5 Nbxd5 12. Bxd5 Nxd5 13. exd5 a5 14. Nd2 f5
15. f4 e4 16. c4 Bf6 17. Qb3 Qe8 18. Bb6 Qg6 19. Rab1 Qg4 20. Qd1 Qxd1 21.
Rfxd1 Be7 22. b3 Re8 23. Nf1 h6 24. Be3 g5 25. h3 Kf7 26. Kf2 Kg6 27. g3 gxf4
28. Bxf4 Bg5 29. Ke3 h5 30. h4 Bxf4+ 31. Kxf4 Ra6 32. Ne3 Rb6 33. Rg1 1/2-1/2

[Event "Mechanics' Summer TNM; 30/90, SD/30"]
[Site "San Francisco"]
[Date "2013.06.04"]
[Round "2.32"]
[White "Vichik, Adam"]
[Black "Bayaraa, Chinguun"]
[Result "0-1"]
[WhiteElo "1113"]
[BlackElo "1651"]
[PlyCount "60"]
[EventDate "2013.??.??"]

1. g3 d5 2. Nf3 c5 3. d3 e6 4. Bg2 Nf6 5. Bg5 Nbd7 6. O-O Be7 7. d4 O-O 8. Nbd2
b6 9. c4 Bb7 10. Re1 Rc8 11. b3 h6 12. Bf4 Nh5 13. Qc2 Nxf4 14. gxf4 cxd4 15.
Nxd4 Bf6 16. Qd3 Nc5 17. Qc3 Ba8 18. e3 Kh8 19. cxd5 Bxd5 20. Bxd5 Qxd5 21.
Rad1 Qb7 22. Qb2 Nd3 23. Qb1 Nxe1 24. Rxe1 Bxd4 25. exd4 Rcd8 26. Qb2 Rd7 27.
Nc4 Rfd8 28. Rd1 Qf3 29. Qd2 Rxd4 30. Qxd4 Qxd1+ 0-1

[Event "Mechanics' Summer TNM; 30/90, SD/30"]
[Site "San Francisco"]
[Date "2013.06.11"]
[Round "3.36"]
[White "Vichik, Adam"]
[Black "Brown, Nicholas"]
[Result "1-0"]
[WhiteElo "1113"]
[BlackElo "1570"]
[PlyCount "28"]
[EventDate "2013.??.??"]

1. e4 c6 2. d4 d5 3. e5 Bf5 4. Nf3 e6 5. Nc3 Bb4 6. a3 Be7 7. Bd3 Bxd3 8. Qxd3
Nd7 9. O-O Qc7 10. Bf4 c5 11. Rfe1 cxd4 12. Nxd4 Bc5 13. Nf3 Ne7 14. Nb5 Nf5 $4
1-0

[Event "Mechanics' Neil Falconer TNM; 30/90, SD"]
[Site "San Francisco"]
[Date "2013.09.24"]
[Round "8.15"]
[White "Vichik, Adam"]
[Black "Niemann, Hans"]
[Result "0-1"]
[WhiteElo "1262"]
[BlackElo "1835"]
[Annotator "Donaldson"]
[PlyCount "70"]
[EventDate "2013.??.??"]

1. e4 c5 2. Nf3 d6 3. d4 cxd4 4. Nxd4 Nf6 5. Nc3 g6 6. Be3 Bg7 7. Qd2 (7. Be2
O-O 8. O-O Nc6 (8... Nbd7) 9. Qd2 Ng4 10. Bxg4 Bxg4 11. f4) (7. f3 O-O 8. Qd2
Nc6 9. O-O-O (9. Bc4)) 7... Ng4 (7... Nc6 8. f3) 8. Be2 (8. Bg5) 8... Nxe3 9.
Qxe3 Nc6 10. Nb3 Be6 11. O-O O-O 12. Rad1 Nb4 13. Nd4 Bd7 14. Rd2 a6 15. a3 Nc6
16. Nf3 Rc8 17. Rfd1 f5 18. Bc4+ (18. exf5 Bxf5 19. Bc4+ (19. Nd5 $1 Bxb2 (
19... e6 20. Nb6) 20. Qb3) 19... Kh8 20. Ng5 (20. Bd5)) 18... Kh8 19. Ng5 Ne5 (
19... f4) 20. Bd5 (20. Be6 f4 (20... Bxe6 21. Nxe6 Nc4 22. Qe2) 21. Qh3) 20...
f4 21. Qe2 f3 $1 22. gxf3 (22. Nxf3 Bg4) 22... e6 23. Nxe6 Bxe6 24. Bxe6 Nxf3+
25. Kh1 Qh4 26. Qxf3 Rxf3 27. Bxc8 Be5 28. Kg2 Rf8 29. Bxb7 Qxh2+ 30. Kf1 Qh1+
31. Ke2 Qf3+ 32. Ke1 Bg3 33. Bxa6 Qe3+ 34. Re2 Bxf2+ 35. Kf1 Qh3# 0-1

[Event "Mechanics' Neil Falconer TNM; 30/90, SD"]
[Site "San Francisco"]
[Date "2013.08.27"]
[Round "4.26"]
[White "Vichik, Adam"]
[Black "Nyangar, Enkhmaa"]
[Result "1-0"]
[WhiteElo "1262"]
[BlackElo "1570"]
[PlyCount "91"]
[EventDate "2013.??.??"]

1. e4 e5 2. Nf3 Nc6 3. Bc4 Bc5 4. c3 Na5 5. Bb3 Nxb3 6. axb3 d6 7. d3 Bg4 8. b4
Bb6 9. Be3 c6 10. Nbd2 Bxe3 11. fxe3 d5 12. O-O dxe4 13. Nxe4 f5 14. Ng3 Qb6
15. d4 e4 16. h3 exf3 17. hxg4 fxg4 18. gxf3 Qc7 19. Kg2 gxf3+ 20. Qxf3 Nf6 21.
Nh5 a6 22. Nxf6+ gxf6 23. Kf2 O-O-O 24. Ke2 Rdf8 25. Rf2 Qf7 26. Raf1 Qb3 27.
Kd3 h5 28. Qe2 Qf7 29. Rh1 h4 30. Qf3 f5 31. Rfh2 Qb3 32. Qf2 h3 33. Rxh3 Rxh3
34. Rxh3 Qd1+ 35. Kc4 b5+ 36. Kc5 Qd3 37. Qg2 Qc4+ 38. Kb6 Rf6 39. Rh8+ Kd7 40.
Qg7+ Rf7 41. Qe5 c5 42. Qc7+ Ke6 43. Rh6+ Rf6 44. Qe5+ Kd7+ 45. Rxf6 cxb4 46.
Qd6+ 1-0

[Event "Mechanics' Spring TNM; 30/90, SD/30"]
[Site "San Francisco"]
[Date "2013.04.30"]
[Round "7.16"]
[White "Wang, Yuan"]
[Black "Menke, Scott"]
[Result "0-1"]
[WhiteElo "2012"]
[BlackElo "1897"]
[Annotator "Donaldson"]
[PlyCount "60"]
[EventDate "2013.??.??"]

1. e4 d5 2. exd5 Nf6 3. Bb5+ Bd7 4. Bc4 Bg4 5. f3 Bf5 6. Nc3 Nbd7 7. g4 Nb6 8.
Bb3 Bg6 (8... Bc8) 9. Qe2 Qd7 10. Qb5 O-O-O 11. Qa5 $6 (11. Qxd7+ $142) 11...
Kb8 12. d3 Nfxd5 13. Nge2 $2 (13. Bxd5 Nxd5 14. Nxd5 Qxd5 15. Qxd5 Rxd5 $15)
13... e6 $17 14. a3 Be7 15. h4 h5 $1 16. g5 Nxc3 17. Qxc3 Nd5 18. Qa5 f6 $1 19.
Bd2 fxg5 20. hxg5 Rhf8 21. f4 Bd6 22. Bxd5 Rf5 $5 (22... exd5 23. O-O-O (23.
Qxd5 Qg4 24. Rg1 Qh4+) 23... d4 $17 (23... c5 $17)) 23. O-O-O $2 (23. Be3 $142
b6 24. Qd2) 23... Rxd5 24. Qc3 Bxd3 $1 25. Ng3 g6 26. Be3 Bf5 27. Rxd5 exd5 28.
Qd4 b6 29. Qxd5 Bxf4 30. Qf3 Bg4 0-1